MARC

LEADER 00000nam0a2200000 4500
001 374203
005 20231102012631.0
035 |a (RuTPU)RU\TPU\retro\31637 
035 |a RU\TPU\book\225733 
090 |a 374203 
100 |a 20221219d1988 m y0rusy50 ca 
101 0 |a rus 
102 |a RU 
105 |a a z 001zy 
200 1 |a Тепловые схемы ГТУ  |e учебное пособие  |f Л. В. Арсеньев, Е. А. Ходак  |g Ленинградский политехнический институт им. М. И. Калинина (ЛПИ) 
210 |a Ленинград  |c Изд-во ЛПИ  |d 1988 
215 |a 80 с.  |c ил. 
320 |a Библиогр.: с. 78. 
606 |a Газотурбинные установки  |2 stltpush  |3 (RuTPU)RU\TPU\subj\5252  |9 33374 
610 1 |a тепловые схемы 
610 1 |a учебные пособия 
610 1 |a ГТУ 
610 1 |a газовые турбины 
610 1 |a охлаждение 
675 |a 621.438(075.8)  |v 3 
700 1 |a Арсеньев  |b Л. В.  |g Леонид Васильевич 
701 1 |a Ходак  |b Е. А.  |g Евгений Александрович 
712 0 2 |a Ленинградский политехнический институт им. М. И. Калинина (ЛПИ)  |c (1924-1930, 1940-1990)  |2 stltpush  |3 (RuTPU)RU\TPU\col\2601 
801 1 |a RU  |b 63413507  |c 20120119 
801 2 |a RU  |b 63413507  |c 20221219  |g RCR 
942 |c BK